Gaming Quiz

Random Gaming or Clickable Quiz

MW2 Characters Quiz Stats

 Plays Quiz not verified by Sporcle

Challenge
Share
Tweet
Embed
Score 0/11 Timer 05:00
0 Plays Today
% Correct
Simon 'Ghost' Riley
88.4%
Nikolai
84.3%
Vladimir Makarov
83.5%
Captain Price
83.1%
General Shepard
82%
Sergeant Foley
79.4%
John 'Soap' Mac'Tavish
71.9%
Alejandro Rojas
67.4%
Joseph Allen
47.2%
Gary 'Roach' Sanderson
41.2%
James Ramirez
38.6%

You're not logged in!

Compare scores with friends on all Sporcle quizzes.
OR
Log In

You Might Also Like...

Show Comments

Extras

Created Apr 23, 2012ReportNominate
Tags:Clickable Quiz, character, mw2

Top Quizzes Today


Score Distribution

Your Account Isn't Verified!

In order to create a playlist on Sporcle, you need to verify the email address you used during registration. Go to your Sporcle Settings to finish the process.

Report this User

Report this user for behavior that violates our Community Guidelines.

Details: